| 000 | 00656nam a2200217 i 4500 | ||
|---|---|---|---|
| 001 | 68089 | ||
| 003 | ES-MaACL | ||
| 005 | 20230906170213.0 | ||
| 007 | t| | ||
| 008 | 040217s1946 sp ||||1| spa d | ||
| 100 | 1 |
_aGanter, Christopher Erik. _953883 |
|
| 245 | 1 | 3 |
_aEl loto rojo / _cC.E. Ganter ; [versión española de José Pelegrí Sáez]. |
| 250 | _a[1ª ed.]. | ||
| 260 |
_aBarcelona : _bLuis de Caralt, _c[1946] ( _fClarasó) |
||
| 300 |
_a344 p. ; _c21 cm. |
||
| 490 | 1 | _aColección gigante | |
| 700 | 0 |
_aPelegré Sáez, José. _990035 |
|
| 830 | 0 |
_aColección gigante _9181935 |
|
| 852 |
_aES-MaACL _jB-10555 _bR.22276 |
||
| 999 |
_c68089 _d68089 |
||